| 000 | 01395aam a2200361 i 4500 | ||
|---|---|---|---|
| 001 | 768714001 | ||
| 003 | CO-MdFUSB | ||
| 005 | 20241010084450.0 | ||
| 007 | ta | ||
| 008 | 240229t1987 -us |||| |||| 00| 0 eng d | ||
| 020 | _a0-8499-0235-5 | ||
| 040 |
_cCO-MdFUSB _bspa _dCO-MdFUSB |
||
| 041 | 0 | _aeng | |
| 082 | 0 | 4 |
_a226.5 _223 _bB368 |
| 100 | 1 |
_aBeasley-Murray, George R. _eautor |
|
| 245 | 0 | 0 |
_aJohn _c/ George R. Beasley-Murray ; editado por : David Allan Hubbard , Glenn W. Barker |
| 264 | 1 |
_aTexas, Estados Unidos : _bWord Books, Publisher _c[1987] |
|
| 264 | 4 | _c©1987 | |
| 300 |
_a441 páginas _c; 24cm |
||
| 336 |
_2rdacontent _atexto _btxt |
||
| 337 |
_2rdamedia _asin mediación _bn |
||
| 338 |
_2rdacarrier _avolumen _bnc |
||
| 490 | _aWord Biblical Commentary | ||
| 505 | _aEl enigma del cuarto evangelio. -- El origen del cuarto evangelio. -- La autoría del cuarto evangelio. -- La fecha y lugar de escritura del cuarto evangelio. -- Aspectos de la teología del cuarto evangelio. -- El propósito del cuarto evangelio. -- La estructura del cuarto evangelio. | ||
| 563 | _aPasta dura | ||
| 630 | 0 | 7 |
_aBiblia. _pJuan, 1ª _xCrítica, interpretación, etc. |
| 650 | 7 |
_aHermenéutica bíblica _2embne _97333 |
|
| 700 |
_aHubbard, David Allan _91425 _eeditor |
||
| 700 |
_aBarker, Glenn W., _94891 _eeditor |
||
| 942 | _cBK | ||
| 945 | _aJTF-925 | ||
| 999 |
_c44031 _d44031 |
||